000 00753nam a22002657a 4500
001 0023977
003 KOHA_MİRAKIL
005 20260207002426.0
007 ta
008 101108b1998 tu |||gr||||#||||0|tur |
040 _aTR-BiSEU
_btur
_cTR-BiSEU
_erda
041 0 _atur
044 _ctu
050 _aJC71
_b.P53 1998
100 0 _aPlaton .
245 1 _aDevlet III-IV/
_cPlaton ; Platon; çeviren Azra Erhat, Samim Sinanoğlu, Suat Sinanoğlu.
264 1 _aİstanbul :
_bCumhuriyet
_c1998
300 _a143 sayfa; 21 cm.
336 _ametin
_btxt
_2rdacontent
337 _aaracısız
_bn
_2rdamedia
338 _acilt
_bnc
_2rdacarrier
650 0 _aSiyaset bilimi.
_97933
650 0 _aPolitical sciences.
_917634
942 _2lcc
_cBK
999 _c23930
_d23930